000
00352nam a2200169Ia 4500
003
0100
008
130307s9999 xx 000 0 und d
040
_c
ARRUPELIB
050
_a
HV99.N6H62
100
_a
Day, Dorothy
245
_a
House of Hospitality
260
_a
NY
260
_b
Sheed Ward
260
_c
1939
300
_a
275p
942
0
0
_0
1
999
_c
84741
_d
84741